Normal view
MARC view
- An Introducation to Continuum Mechanics
Entry Topical Term
001 - CONTROL NUMBER
- control field: 113996
003 - CONTROL NUMBER IDENTIFIER
- control field: NUST
005 - DATE AND TIME OF LATEST TRANSACTION
- control field: 20230805114338.0
008 - FIXED-LENGTH DATA ELEMENTS
- fixed length control field: 230805|| aca||aabn | a|a d
040 ## - CATALOGING SOURCE
- Original cataloging agency: NUST
- Transcribing agency: NUST
150 ## - HEADING--TOPICAL TERM
- Topical term or geographic name entry element: An Introducation to Continuum Mechanics
670 ## - SOURCE DATA FOUND
- Source citation: Work cat.: (NUST): Gurtin, Morton E 8912, An Introducation to Continuum Mechanics, 2003.
